[Event "North Region-chB"]
[Site "Cartagena"]
[Date "2012.04.21"]
[Round "5.1"]
[White "Torres Cueto, Jesus Marcial"]
[Black "Pena, Juan Camilo"]
[Result "1-0"]
[WhiteElo "1917"]
[BlackElo "1506"]
[PlyCount "71"]
[EventDate "2012.04.19"]
[EventType "swiss"]
[EventRounds "6"]
[EventCountry "COL"]
[SourceTitle "EXT 2024"]
[Source "ChessBase"]
[SourceDate "2023.10.10"]
[SourceVersion "1"]
[SourceVersionDate "2023.10.10"]
[SourceQuality "1"]

1. e4 e5 2. Nf3 Nc6 3. d4 exd4 4. Nxd4 Bc5 5. Nxc6 bxc6 6. Bd3 d5 7. 0-0 dxe4 8. Bxe4 Qxd1 9. Rxd1 Bb7 10. Bf4 Bb6 11. Re1 Ne7 12. Bf3 Rd8 13. Nc3 f6 14. Re6 Kf7 15. Rae1 Rhe8 16. Nb5 cxb5 17. Bxb7 c6 18. Bd6 Nf5 19. Rxe8 Rxe8 20. Rxe8 Nxd6 21. Rb8 Nxb7 22. Rxb7+ Kg6 23. Kf1 Kh6 24. Ke2 g5 25. h3 Kg6 26. Rd7 h5 27. g3 g4 28. hxg4 hxg4 29. f3 gxf3+ 30. Kxf3 Kf5 31. g4+ Ke6 32. Rh7 Bc5 33. Ke4 Bb6 34. Rh6 Kf7 35. Kf5 Kg7 36. Rxf6 1-0

[Event "Cartagena op"]
[Site "Cartagena"]
[Date "2012.01.12"]
[Round "3"]
[White "Pena, Juan Camilo"]
[Black "Raad, Bernardo"]
[Result "0-1"]
[WhiteElo "1470"]
[BlackElo "1600"]
[PlyCount "48"]
[EventDate "2012.01.10"]
[EventType "swiss"]
[EventRounds "7"]
[EventCountry "COL"]
[SourceTitle "EXT 2013"]
[Source "ChessBase"]
[SourceDate "2012.11.22"]
[SourceVersion "1"]
[SourceVersionDate "2012.11.22"]
[SourceQuality "1"]

1. e4 e5 2. Nf3 Nc6 3. Bc4 Nd4 4. c3 Nxf3+ 5. Qxf3 Nf6 6. d4 d6 7. Bg5 Be7 8. Na3 Bg4 9. Qd3 0-0 10. f3 Bh5 11. h4 h6 12. Be3 d5 13. g4 dxc4 14. Qd2 Nxg4 15. fxg4 Bxh4+ 16. Kd1 Bxg4+ 17. Kc2 Bg5 18. Rhg1 Bxe3 19. Qxe3 exd4 20. cxd4 h5 21. Nxc4 f6 22. e5 Qd5 23. Qd3 fxe5 24. Nxe5 Bf5 0-1